00728nam a22001937a 4500010001500000020002600015035001400041037000900055082001000064100002600074245006900100260004300169270007500212300002000287700003400307942002400341999001900365952015000384 aENG-143041 a9789389146271c225.00 aEN-126573 bDBAD a361.1 aKaviyarasi, R.975036 aProblem Solving Techniques/cby R.Kaviyarasi [and] M. Neelamegan aTamil NadubShanlax publicationsc2019 a61, 66 T.P.K. Main Road, Vasantha Nagar, bMadurai, Tamil Nadue625003 a160p.c22cm(pb) aNeelamegan, M.eAuthor975037 2ddccENh361.1mKAV c207628d207628 001040708NFICaAVbAVd2024-12-12eDelivery of Books Divisiong225.00l0o361.1 KAVpEN-126573r2024-12-12 00:00:00t1v225.00w2024-12-12yEN